• 首页
  • 本馆介绍
  • 公告通知
  • 最新文献
  • 馆藏检索
  • 电子资源
  • 读者导购
  • 参考咨询
  • 我的图书馆
  • 登录
  • 详细信息显示
  • 放入我的书架
  • 预约/预借图书
  • 作者相关作品
  • 分类相关作品
  • 丛书相关作品
  • 出版社相关作品

书目信息

  • 表格格式
  • 工作单格式
  • 卡片格式
题名:
太阳能飞机
    
 
作者: 郭正 著
分册:  
出版信息: 北京   科学出版社  2021
页数: 159页
开本: 24cm
丛书名: 临近空间低速飞行器系统与技术丛书
单 册:
中图分类: V272
科图分类:
主题词: 太阳能--飞机--总体设计--教材
电子资源:
ISBN: 978-7-03-070844-1
000 01385oam2 2200277 450
001 2252778745
005 20220930143954.77
010    @a978-7-03-070844-1@b精装@dCNY118.00
100    @a20220119d2021 em y0chiy50 ea
101 0  @achi
102    @aCN@b110000
105    @aa z 000yy
200 1  @a太阳能飞机@9tai yang neng fei ji@e基于广义能源的总体参数设计@dSolar-powered aircraft@econceptual parametric design based on generalized energy@f郭正[等]著@zeng
210    @a北京@c科学出版社@d2021
215    @a159页@c图,照片@d24cm
225 2  @a临近空间低速飞行器系统与技术丛书
304    @a著者还有:朱雄峰、侯中喜、高显忠、李晓华
330    @a本书提出广义能源概念,并发展出一种太阳能飞机总体参数设计理论,推导出一系列广义设计参数,将气动、结构、动力推进、光电转换、储能电池等分系统性能参数统一表征为广义能源,得到不同学科设计指标对能源闭环的影响度和贡献度。通过总体优化设计,发现各学科参数的等价性和敏感性,找到最有利于能源闭环的设计域和最佳的分系统设计参数匹配。
461  0 @12001 @a临近空间低速飞行器系统与技术丛书
510 1  @aSolar-powered aircraft@econceptual parametric design based on generalized energy@zeng
517 1  @a基于广义能源的总体参数设计@9ji yu guang yi neng yuan de zong ti can shu she ji
606 0  @a太阳能@x飞机@x总体设计@j教材
690    @aV272@v5
701  0 @a郭正@9guo zheng@f(1974.12-)@4著
801  0 @aCN@b91MARC@c20220321
905    @aZUCC@dV272@e1
    
    太阳能飞机:基于广义能源的总体参数设计=Solar-powered aircraft:conceptual parametric design based on generalized energy/郭正[等]著.-北京:科学出版社,2021
    159页:图,照片;24cm.-(临近空间低速飞行器系统与技术丛书)
    
    
    ISBN 978-7-03-070844-1(精装):CNY118.00
    本书提出广义能源概念,并发展出一种太阳能飞机总体参数设计理论,推导出一系列广义设计参数,将气动、结构、动力推进、光电转换、储能电池等分系统性能参数统一表征为广义能源,得到不同学科设计指标对能源闭环的影响度和贡献度。通过总体优化设计,发现各学科参数的等价性和敏感性,找到最有利于能源闭环的设计域和最佳的分系统设计参数匹配。
●
相关链接 在五车中查询图书 在当当中查询图书 在豆瓣中查询图书


正题名:太阳能飞机     索取号:V272/1         预约/预借

序号 登录号 条形码 馆藏地/架位号 状态 备注
1 2000908681   2000908681   第三书库/ [索取号:V272/1] 在馆    
2 2000908682   2000908682   第三书库/ [索取号:V272/1] 在馆    
3 2000908683   2000908683   第三书库/ [索取号:V272/1] 在馆    
山东省滨州职业学院图书馆 欢迎您!
大连网信软件有限公司© 版权所有